NCAA Institutions in Utah - Statistics

General Stats
  • This quiz has been taken 24 times
  • The average score is 6 of 8
Answer Stats
Conference School Team Name % Correct
Division I Big 12 Brigham Young Cougars
100%
Division I Big 12 Utah Utes
93%
Division I Mountain West Utah State Aggies
93%
Division I WAC Utah Tech Trailblazers
79%
Division I WAC Southern Utah Thunderbirds
71%
Division I WAC Utah Valley Wolverines
64%
Division I Big Sky Weber State Wildcats
64%
Division II Rocky Mountain Westminster Griffins
43%
No matching quizzes found
Score Distribution
Percent of People with Each Score
Percentile by Number Answered
Your Score History
You have not taken this quiz